Linguistics and law

Zapisane w:
Opis bibliograficzny
1. autor: KAPLAN, Jeffery P.
Format: Książka
Język:angielski
Wydane: Routledge 2020
Etykiety: Dodaj etykietę
Nie ma etykietki, Dołącz pierwszą etykiete!

MARC

LEADER 00000nam a22000007a 4500
008 230112b |||||||| |||| 00| 0 eng d
020 |a 9781138326156 
100 |a KAPLAN, Jeffery P. 
245 |a Linguistics and law  |c Jeffery P. Kaplan  |g ix,223p;ill 
260 |b Routledge  |c 2020  |h New York  |i 699124  |i 699125  |l KF380.K14  |m Law-United States-Language  |m Law- United States-Interpretation and Construction  |m Forensic linguistics- United States 
500 |a it includes references and index 
942 |a lcc  |c BK  |e Johnson  |f 11/01/23 
952 |0 0  |1 0  |2 lcc  |4 0  |6 KF0380 K14  |7 0  |9 4134  |a ART  |b HOL  |c AF  |d 2023-01-12  |l 0  |o KF380.K14  |p 2023-0065  |r 2023-01-12 00:00:00  |t 699124  |w 2023-01-12  |y BK 
952 |0 0  |1 0  |2 lcc  |4 0  |6 KF0380 K14  |7 0  |9 4135  |a HOL  |b HOL  |c AF  |d 2023-01-12  |l 0  |o KF380.K14  |p 2023-0066  |r 2023-01-12 00:00:00  |t 699124  |w 2023-01-12  |y BK 
999 |c 2073  |d 2073